• 首页
  • 本馆介绍
  • 公告通知
  • 最新文献
  • 馆藏检索
  • 电子资源
  • 读者导购
  • 参考咨询
  • 我的图书馆
  • 登录
  • 详细信息显示
  • 放入我的书架
  • 预约/预借图书
  • 作者相关作品
  • 分类相关作品
  • 丛书相关作品
  • 出版社相关作品

书目信息

  • 表格格式
  • 工作单格式
  • 卡片格式
题名:
水力学
    
 
作者: 吴持恭 主编
分册:  
出版信息: 北京   高等教育出版社  1979
页数:
开本:
丛书名:
单 册:
中图分类: TV14
科图分类:
主题词: 河流--流体动力学 , 泥沙
电子资源:
ISBN:
000 00484nam0 2200181 450
001 0736196517
005 20070924100316.51
010    @d¥2.40
100    @a20070924d km y0chiy0120 ea
101 0  @achi
200 1  @a水力学@Ashui li xue@f吴持恭 主编@Fwu chi gong zhu bian
210    @a北京@c高等教育出版社@d1979
606 0  @a河流@x流体动力学
606 0  @a泥沙
690    @aTV14@v3
701  0 @a吴持恭@Awu chi gong@4主编
801  0 @aCN@bPFT@c20070924
905    @a213230@dTV14@eZY3:1=2@f1
    
    水力学/吴持恭 主编.-北京:高等教育出版社,1979
    
    
    
    ISBN :¥2.40
    
●
相关链接 在E读中查询图书 在五车中查询图书 在当当中查询图书 在豆瓣中查询图书


正题名:水力学     索取号:TV14/ZY3:1=2         预约/预借

序号 登录号 条形码 馆藏地/架位号 状态 备注
1 7900816   279008164   资源管理系资料室/ [索取号:TV14/ZY3:1=2] 在馆    
唐山师范学院图书馆 欢迎您!
大连网信软件有限公司© 版权所有